The Sacred Book Of Indian Religions/Sonarpura (Record no. 201424)
[ view plain ]
| 000 -LEADER | |
|---|---|
| fixed length control field | 00630nam a22002177a 4500 |
| 003 - CONTROL NUMBER IDENTIFIER | |
| control field | dpl |
| 005 - DATE AND TIME OF LATEST TRANSACTION | |
| control field | 20240312150329.0 |
| 008 - FIXED-LENGTH DATA ELEMENTS--GENERAL INFORMATION | |
| fixed length control field | 240305b |||||||| |||| 00| 0 eng d |
| 010 ## - LIBRARY OF CONGRESS CONTROL NUMBER | |
| LC control number | ENG-139672 |
| 020 ## - INTERNATIONAL STANDARD BOOK NUMBER | |
| International Standard Book Number | 9789387306035 |
| Terms of availability | 950.00 |
| 035 ## - SYSTEM CONTROL NUMBER | |
| System control number | EN-123204 |
| 037 ## - SOURCE OF ACQUISITION | |
| Source of stock number/acquisition | DBAD/PUB |
| 040 ## - CATALOGING SOURCE | |
| Transcribing agency | . |
| 082 ## - DEWEY DECIMAL CLASSIFICATION NUMBER | |
| Classification number | 200 |
| 100 ## - MAIN ENTRY--PERSONAL NAME | |
| Personal name | Chaubey Devbrat |
| Relator term | Author |
| 9 (RLIN) | 63158 |
| 245 ## - TITLE STATEMENT | |
| Title | The Sacred Book Of Indian Religions/Sonarpura |
| Statement of responsibility, etc | By Devbrat Chaubey |
| 260 ## - PUBLICATION, DISTRIBUTION, ETC. (IMPRINT) | |
| Place of publication, distribution, etc | Sonarpura |
| Name of publisher, distributor, etc | Prachya Vidya Bhawan |
| Date of publication, distribution, etc | 2018 |
| 270 ## - ADDRESS | |
| Address | B5/25 Oudhgarvi |
| City | Varanasi |
| Postal code | 221001 |
| 300 ## - PHYSICAL DESCRIPTION | |
| Extent | 276p; |
| Dimensions | 22cm(hb) |
| 942 ## - ADDED ENTRY ELEMENTS (KOHA) | |
| Source of classification or shelving scheme | Dewey Decimal Classification |
| Koha item type | English Books |
| Classification part | 200 |
| Call number suffix | CHA |
| Withdrawn status | Lost status | Source of classification or shelving scheme | Damaged status | Not for loan | Collection code | Home library | Current library | Date acquired | Source of acquisition | Cost, normal purchase price | Total Checkouts | Full call number | Barcode | Date last seen | Copy number | Cost, replacement price | Price effective from | Koha item type |
|---|---|---|---|---|---|---|---|---|---|---|---|---|---|---|---|---|---|---|
| Dewey Decimal Classification | Non-fiction | Bawana | Bawana | 12/03/2024 | DBAD | 950.00 | 200 CHA | EN-123204 | 12/03/2024 | 1 | 950.00 | 12/03/2024 | English Books |
